000 00366nam a22001457a 4500
020 _a9789382956013
082 _a541.3
_bPUR/PR
100 _aPuri B.R.
_91226
100 _aSharma L.R.
_91227
100 _aPathania,Madan S.
_91228
245 _aPrinciples of Physical Chemistry
260 _aJalandhar
_bVishal Publishing co.
_c2015
300 _a1366
942 _cBBS
999 _c14702
_d14702